Land Surveyors' Club [scale of charges] (Record no. 116708)
[ view plain ]
| 000 -LEADER | |
|---|---|
| fixed length control field | 00780cam a22002055a 4500 |
| 001 - CONTROL NUMBER | |
| control field | L141333 |
| 008 - FIXED-LENGTH DATA ELEMENTS--GENERAL INFORMATION | |
| fixed length control field | 071116s1855 xxk eng u |
| 035 ## - SYSTEM CONTROL NUMBER | |
| System control number | (Sirsi) u141333 |
| 110 2# - MAIN ENTRY--CORPORATE NAME | |
| Corporate name or jurisdiction name as entry element | Land Surveyors Club |
| 9 (RLIN) | 4346 |
| 245 00 - TITLE STATEMENT | |
| Title | Land Surveyors' Club [scale of charges] |
| 260 ## - PUBLICATION, DISTRIBUTION, ETC. | |
| Place of publication, distribution, etc. | London |
| Name of publisher, distributor, etc. | Land Surveyors' Club |
| Date of publication, distribution, etc. | 1855 |
| 300 ## - PHYSICAL DESCRIPTION | |
| Extent | 3 p. |
| Dimensions | 34 cm. |
| 340 ## - PHYSICAL MEDIUM | |
| Material base and configuration | Printed |
| 351 ## - ORGANIZATION AND ARRANGEMENT OF MATERIALS | |
| Organization | Single item |
| 500 ## - GENERAL NOTE | |
| General note | Item has been annotated on the front page in pen: 'Forwarded by direction of a resolution at the meeting on Monday the 27th May 1867', signed with the initials R.C.D. [Robert Collier Driver?]. The scales of charges inside have been annotated in pencil. |
| 500 ## - GENERAL NOTE | |
| General note | Presented by J. O. Rhys. |
| 651 4# - SUBJECT ADDED ENTRY--GEOGRAPHIC NAME | |
| Geographic name | United Kingdom |
| Chronological subdivision | |
| 690 ## - LOCAL SUBJECT ADDED ENTRY--TOPICAL TERM (OCLC, RLIN) | |
| Topical term or geographic name as entry element | ABOUT RICS |
| 942 ## - ADDED ENTRY ELEMENTS (KOHA) | |
| Suppress in OPAC | 0 |
| Withdrawn status | Lost status | Source of classification or shelving scheme | Damaged status | Not for loan | Home library | Current library | Shelving location | Date acquired | Total Checkouts | Full call number | Barcode | Date last seen | Copy number | Price effective from | Koha item type |
|---|---|---|---|---|---|---|---|---|---|---|---|---|---|---|---|
| Dewey Decimal Classification | London | London | Basement | 16/11/2007 | BASEMENT BOX 3 | 141333-1001 | 06/08/2019 | 1 | 06/08/2019 | Archive |